UBT Library

Blunders in international business / (Record no. 914)

000 -LEADER
fixed length control field 00543nam a22001937a 4500
008 - FIXED-LENGTH DATA ELEMENTS--GENERAL INFORMATION
fixed length control field 150527b xxu||||| |||| 00| 0 eng d
020 ## - INTERNATIONAL STANDARD BOOK NUMBER
International Standard Book Number 1557864144
041 0# - LANGUAGE CODE
Language code of text/sound track or separate title eng
080 ## - UNIVERSAL DECIMAL CLASSIFICATION NUMBER
Universal Decimal Classification number 339 RIC
100 1# - Rafti
Rafti Ricks, David A.
245 10 - TITLE STATEMENT
Title Blunders in international business /
Statement of responsibility, etc David A. Ricks.
260 ## -
-- Cambridge, Mass., USA :
-- Blackwell Business,
-- 1993.
300 ## -
-- 172 f. ;
-- 22 cm.
500 ## -
-- Preface: f. [vii-ix]
505 ## -
-- Index: f. 160 - 172
650 #0 -
-- Bizneset ndërkombëtare
650 #0 -
-- Organizimi
942 ## - ADDED ENTRY ELEMENTS (KOHA)
Source of classification or shelving scheme
Item type Books
Holdings
Withdrawn status Lost status Source of classification or shelving scheme Damaged status Not for loan Collection code Permanent location Current location Shelving location Date acquired Total Checkouts Full call number Date last seen Price effective from Koha item type
          Koleksioni i përgjithshem UBT - Prishtine UBT - Prishtine Koleksioni i përgjithshem 05/27/2015   339 RIC 05/27/2015 05/27/2015 Books
UBT Library © 2015-2024. All rights reserved University Education for Business and Technology